LEADER 01076nam--2200349---450- 001 990003251560203316 005 20090521183721.0 035 $a000325156 035 $aUSA01000325156 035 $a(ALEPH)000325156USA01 035 $a000325156 100 $a20090521d1975----km-y0itay50------ba 101 $aeng 102 $aUS 105 $a||||||||001yy 200 1 $a<> computational complexity of algebraic and numeric problems$fA. Borodin and I. Munro 210 $aNew York$cAmerican Elsevier Publ. Co.$d1975 215 $aVII, 174 p.$cill.$d23 cm 225 2 $aTheory of computation series$v1 410 0$12001$aTheory of computation series$v1 606 0 $aAlgebra 676 $a519.7 700 1$aBORODIN,$bAllan$0534960 701 1$aMUNRO,$bI.$0104431 801 0$aIT$bsalbc$gISBD 912 $a990003251560203316 951 $a519 TCS (1)$b7917/CBS$c519$d00220830 959 $aBK 969 $aSCI 979 $aRSIAV6$b90$c20090521$lUSA01$h1837 996 $aComputational complexity of algebraic and numeric problems$91119794 997 $aUNISA LEADER 01601nam--2200445---450- 001 990002975470203316 005 20070920105908.0 010 $a92-825-5269-1 035 $a000297547 035 $aUSA01000297547 035 $a(ALEPH)000297547USA01 035 $a000297547 100 $a20070920d1985----km-y0itaa50------ba 101 0 $aita 102 $aLU 105 $ay---z---001yy 200 1 $aStrategia di sviluppo per le industrie agroalimentari nelle regioni mediterranee della Comunità europea$fCommissione delle Comunità europee 210 $aLussemburgo$cUfficio delle pubblicazioni ufficiali delle Comunità europee$d1985 215 $a67 p.$d29 cm 225 2 $aDocumento 410 1$12001$aDocumento 606 0 $aIndustria agricola$yPaesi della Comunità europea 676 $a338.1094 699 $a08.06$bIndustria alimentare 710 02$aCommissione europea$0333284 801 0$aIT$bsalbc$gISBD 912 $a990002975470203316 951 $aCDE 08.06 (I)$bCDE 818$cCDE 08.06$d00148014 959 $aBK 969 $aCDE 979 $aMARIAS$b90$c20070920$lUSA01$h1059 979 $aMARIAS$b90$c20080221$lUSA01$h1130 979 $aMARIAS$b90$c20080221$lUSA01$h1151 979 $aMARIAS$b90$c20080221$lUSA01$h1322 979 $aMARIAS$b90$c20080703$lUSA01$h1024 979 $aMARIAS$b90$c20080703$lUSA01$h1027 979 $aMARIAS$b90$c20080703$lUSA01$h1031 979 $aBATCH-UPD$b90$c20111212$lUSA01$h1716 996 $aStrategia di sviluppo per le industrie agroalimentari nelle regioni mediterranee della Comunità europea$91027500 997 $aUNISA